00339nam a2200121Ia 4500008004100000041001200041100001900053245007500072260003700147300000800184650001000192700001500202221030s9999 xx 000 0 und d aEnglish aA. Chakrabarti 2aA Text Book On Power System Engineeringcby A. Chakrabarti, M. L. Soni bDhanpat Rai PubaNew Delhic2014 a835 aBB EE aM. L. Soni